Chiral catalyst immobilization and recycling /

Homogeneous asymmetric catalysis offers reliable results and the possibility to 'tune' the catalysis on a rational basis. A pitfall, however, is that the separation of the catalyst from the starting material and products is difficult and often results in the loss of the catalytic material....

Full description

Bibliographic Details
Other Authors: Vos, D. E. de (Dirk E.), Vankelecom, I. F. J. (Ivo F. J.), Jacobs, Peter A.
Format: eBook
Language:English
Published: Weinheim ; New York : Wiley-VCH, ©2000.
Subjects:
Online Access:Connect to the full text of this electronic book

MARC

Tag First Indicator Second Indicator Subfields
LEADER 00000nam a2200000 a 4500
001 in00004689708
006 m o d
007 cr cnu---unuuu
008 081008s2000 gw a ob 001 0 eng d
005 20260214200758.1
020 |a 9783527613151  |q (electronic bk.) 
020 |a 3527613153  |q (electronic bk.) 
020 |a 9783527613144 
020 |a 3527613145 
020 |z 3527299521  |q (acid-free paper) 
020 |z 9783527299522  |q (acid-free paper) 
024 7 |a 10.1002/9783527613144  |2 doi 
035 |a wil6007436 
035 |a (NhCcYBP)wil6007436 
037 |a 10.1002/9783527613144  |b Wiley InterScience  |n http://www3.interscience.wiley.com 
040 |a NhCcYBP  |b eng  |c NhCcYBP 
042 |a dlr 
050 4 |a QD505  |b .C466 2000eb 
072 7 |a SCI  |x 013040  |2 bisacsh 
072 7 |a QD  |2 lcco 
082 0 4 |a 547.1/395  |2 22 
245 0 0 |a Chiral catalyst immobilization and recycling /  |c edited by D.E. De Vos, I.F.J. Vankelecom, P.A. Jacobs. 
260 |a Weinheim ;  |a New York :  |b Wiley-VCH,  |c ©2000. 
300 |a 1 online resource (xx, 320 pages) :  |b illustrations 
336 |a text  |b txt  |2 rdacontent 
337 |a computer  |b c  |2 rdamedia 
338 |a online resource  |b cr  |2 rdacarrier 
504 |a Includes bibliographical references and index. 
505 0 |a Chiral Catalvst Immobilization and Recycling; Contents; 1 Enantioselective Heterogeneous Catalysis: Academic and Industrial Challenges; 2 Catalyst Immobilization on Inorganic Supports; 3 Organic Polymers as a Catalyst Recovery Vehicle; 4 Liquid Biphasic Enantioselective Catalysis; 5 Immobilized Enzymes in Enantioselective Organic Synthesis; 6 Enantioselective Hydrogenation Catalyzed by Platinum Group Metals Modified by Natural Alkaloids; 7 Design of New Chiral Modifiers for Heterogeneous Enantioselective Hydrogenation: A Combined Experimental and Theoretical Approach. 
520 |a Homogeneous asymmetric catalysis offers reliable results and the possibility to 'tune' the catalysis on a rational basis. A pitfall, however, is that the separation of the catalyst from the starting material and products is difficult and often results in the loss of the catalytic material. Immobilization offers a potential solution for the user of enantioselective catalysts in industrial processes and laboratories. Heterogeneous catalysis allows continuous operations, recycling of the catalyst, and an easy separation of the reaction products, reducing both waste and costs. Chemists in academia. 
588 0 |a Print version record. 
533 |a Electronic reproduction.  |b [Place of publication not identified] :  |c HathiTrust Digital Library,  |d 2010.  |5 MiAaHDL 
538 |a Master and use copy. Digital master created according to Benchmark for Faithful Digital Reproductions of Monographs and Serials, Version 1. Digital Library Federation, December 2002.  |u http://purl.oclc.org/DLF/benchrepro0212  |5 MiAaHDL 
583 1 |a digitized  |c 2010  |h HathiTrust Digital Library  |l committed to preserve  |2 pda  |5 MiAaHDL 
650 0 |a Enantioselective catalysis. 
650 0 |a Catalysts. 
655 4 |a Electronic books. 
700 1 |a Vos, D. E. de  |q (Dirk E.) 
700 1 |a Vankelecom, I. F. J.  |q (Ivo F. J.) 
700 1 |a Jacobs, Peter A. 
776 0 8 |i Print version:  |t Chiral catalyst immobilization and recycling.  |d Weinheim ; New York : Wiley-VCH, ©2000  |z 3527299521  |z 9783527299522  |w (DLC) 00711351 
856 4 0 |u http://proxy.library.tamu.edu/login?url=https://onlinelibrary.wiley.com/book/10.1002/9783527613144  |z Connect to the full text of this electronic book  |t 0 
955 |a Wiley EBA record 
975 |p Wiley UBCM Full Collection 2026 
999 f f |s f739421d-3ba2-44b1-8600-5242b63c6936  |i 1840623c-7834-4e4b-a835-e63cb789c738  |t 0 
952 f f |a Texas A&M University  |b College Station  |c Electronic Resources  |s evans_pda  |d Available Online  |t 0  |e QD505 .C466 2000eb  |h Library of Congress classification 
998 f f |a QD505 .C466 2000eb  |t 0  |l Available Online